| 000 | 00973nam a22002297a 4500 | ||
|---|---|---|---|
| 008 | 110421s2004 mau|||||r|||| 001 0 eng d | ||
| 020 | _a0750657480 | ||
| 020 | _a9780750657488 | ||
| 082 |
_222 _a658.84 _bINT |
||
| 245 |
_aInternational Retail Marketing : _bA Case Study Approach / _c[Edited by] Margaret Bruce, Christopher Moore, and Grete Birtwistle |
||
| 260 |
_aOxford ; Burlington, MA : _bElsevier Butterworth-Heinemann, 2004 _c2004 |
||
| 300 |
_axxvii, 250 p. : _bill. ; _c25 cm. |
||
| 504 | _aIncludes bibliographical references and index | ||
| 650 |
_923289 _aRetail trade _vCase studies |
||
| 650 |
_923290 _aInternational trade _vCase studies |
||
| 653 |
_bBus _cApril2011 |
||
| 700 |
_923288 _aBruce, Margaret |
||
| 700 |
_923291 _aMoore, Christopher |
||
| 700 |
_923292 _aBirtwistle, Grete |
||
| 942 |
_2ddc _cBB |
||
| 999 |
_c15169 _d15169 |
||